<?xml version="1.0" encoding="UTF-8"?>
<collection xmlns="http://www.loc.gov/MARC21/slim">
 <record>
  <leader>01281nab a2200181 i 4500</leader>
  <controlfield tag="001">misc41849</controlfield>
  <controlfield tag="005">20191106140508.0</controlfield>
  <controlfield tag="008">180706s2014    hu      o     0||   zxx d</controlfield>
  <datafield tag="022" ind1=" " ind2=" ">
   <subfield code="a">1215-5233</subfield>
  </datafield>
  <datafield tag="040" ind1=" " ind2=" ">
   <subfield code="a">SZTE Miscellanea Repozitórium</subfield>
   <subfield code="b">hun</subfield>
  </datafield>
  <datafield tag="041" ind1=" " ind2=" ">
   <subfield code="a">zxx</subfield>
  </datafield>
  <datafield tag="100" ind1="1" ind2=" ">
   <subfield code="a">Rab Irén</subfield>
  </datafield>
  <datafield tag="245" ind1="1" ind2="0">
   <subfield code="a">Levélben értesítsen engem!</subfield>
   <subfield code="h">[elektronikus dokumentum] /</subfield>
   <subfield code="c"> Rab Irén</subfield>
  </datafield>
  <datafield tag="260" ind1=" " ind2=" ">
   <subfield code="c">2014</subfield>
  </datafield>
  <datafield tag="300" ind1=" " ind2=" ">
   <subfield code="a">129-131</subfield>
  </datafield>
  <datafield tag="490" ind1="0" ind2=" ">
   <subfield code="a">Iskolakultúra</subfield>
   <subfield code="v">24 No. 6</subfield>
  </datafield>
  <datafield tag="520" ind1="3" ind2=" ">
   <subfield code="a">A Göttingische Gelehrte Anzeige 1803. 67. számában recenzió jelent meg Czenk in Ungern címmel. A recenzió szerzője August Schlözer professzor, a kelet-európai történelem és politika szakértője volt. A recenzált könyv pedig a három kötetes Catalogus Bibliothecae Hungaricae Francisci com. Széchényi, mely magyar szerzők és a magyarok dolgaival foglalkozó művek (Hungariam et Hungaros) katalógusát adja. Az első 2 kötet Sopronban jelent meg 1799-ben, a 3. kötet, az Index, Pesten 1800-ban. Schlözer melegen méltatta a könyv érdemeit: „So hat die Ungrische Nation zu einem so vollständigen Apparatu litterario Hoffnung, dessen gleichen sich wenig andere Nationen zu rühmen haben.”</subfield>
  </datafield>
  <datafield tag="856" ind1="4" ind2="0">
   <subfield code="u">http://misc.bibl.u-szeged.hu/41849/1/EPA00011_iskolakultura_2014_06_129-131.pdf</subfield>
   <subfield code="z">Dokumentum-elérés </subfield>
  </datafield>
 </record>
</collection>
